Statistics for Random Anagrams - US States

Click here to take the quiz!

General Stats

  • This quiz has been taken 108 times
  • The average score is 9 of 10

Answer Stats

HintState% Correct
Ma Al AbaAlabama
100%
A KlassAlaska
100%
Facial IronCalifornia
100%
Door ColaColorado
100%
Rod FailFlorida
100%
I Go RageGeorgia
100%
Aiwa HiHawaii
100%
Oh AidIdaho
100%
Ani DaniIndiana
100%
I A OwIowa
100%
As SankKansas
100%
Yuck KentKentucky
100%
I Oil SaunaLouisiana
100%
AnimeMaine
100%
Ran MadlyMaryland
100%
Chasm StatusesMassachusetts
100%
Ant MoanMontana
100%
Bar SnakeNebraska
100%
Ad VaneNevada
100%
Jeer NewsyNew Jersey
100%
We Mix OnceNew Mexico
100%
Worn KeyNew York
100%
Corn InhalatorNorth Carolina
100%
I HooOhio
100%
Hook LamaOklahoma
100%
No GoreOregon
100%
Haircut SaloonSouth Carolina
100%
Had Stout OakSouth Dakota
100%
Seen TeensTennessee
100%
At SexTexas
100%
A HutUtah
100%
MTV RenoVermont
100%
It Is Grave WinWest Virginia
100%
Sin In CowsWisconsin
100%
My OwingWyoming
100%
I Is No IllIllinois
86%
Gnash To WinWashington
86%
Eel AwardDelaware
80%
Sumo IrisMissouri
80%
Via IringVirginia
80%
Sara SankArkansas
75%
Isis Is PimpsMississippi
75%
Or A NaziArizona
67%
Sheep Win HarmNew Hampshire
67%
Its No NameMinnesota
60%
On Cent CuticConnecticut
50%
Tankard HootNorth Dakota
50%
In Navy PanelsPennsylvania
50%
Older DanishRhode Island
25%
Icing HamMichigan
0%

Score Distribution

Percentile by Number Answered

Percent of People with Each Score

Your Score History

You have not taken this quiz